| 000 | 00367 a2200157 4500 | ||
|---|---|---|---|
| 001 | 79093 | ||
| 082 | _a629.1323 BAR | ||
| 090 |
_c39585 _d39585 |
||
| 100 | _aR.H.Barnard | ||
| 245 |
_aAircraft Flight (3rd Edition) _hEnglish |
||
| 250 | _a3 | ||
| 260 |
_aIndia _bRepro India |
||
| 300 | _axii+370p | ||
| 500 | _aDOS BS Reference Books | ||
| 505 | _aAHQ Books | ||
| 942 |
_aCAE NUST _k629.1323 BAR |
||
| 999 |
_c314166 _d314166 |
||